Statystyki dla Prezydenci Polski od 1989 roku

Kliknij tutaj aby rozwiązać quiz!

Ogólne statystyki

  • Ten quiz został rozwiązany 1 490 razy
  • Średni wynik to 5 z 6

Statystyki odpowiedzi

RokPrezydent% Poprawnych
2015Andrzej Duda
98%
1990Lech Wałęsa
94%
2005Lech Kaczyński
92%
2010Bronisław Komorowski
91%
1995/2000Aleksander Kwaśniewski
85%
1989Wojciech Jaruzelski
71%

Rozkład punktacji

Percentyl według liczby udzielonych odpowiedzi

Procent ludzi z każdym wynikiem

Twoja historia wyników

Nie rozwiązałeś tego quizu